Statistical problems with nuisance parameters /
Guardado en:
| Autor Principal: | |
|---|---|
| Formato: | Libro |
| Idioma: | English Russian |
| Publicado: |
Providence, R.I. :
American Mathematical Society,
1968.
|
| Series: | Translations of mathematical monographs ;
v. 20 |
| Etiquetas: |
Agregar Etiqueta
Sin Etiquetas, Sea el primero en etiquetar este registro!
|
| LEADER | 01083nam a22002295a 4500 | ||
|---|---|---|---|
| 001 | MAT.inmabb002326 | ||
| 008 | 840612s1968####riu######b####000#0#eng#d | ||
| 005 | 20130227130131.0 | ||
| 245 | 1 | 0 | |a Statistical problems with nuisance parameters / |c by Ju. V. Linnik ; [translated from the Russian by Scripta Technica]. |
| 260 | |a Providence, R.I. : |b American Mathematical Society, |c 1968. | ||
| 300 | |a ix, 258 p. ; |c 24 cm. | ||
| 440 | 0 | |a Translations of mathematical monographs ; |v v. 20 | |
| 500 | |a Traducción de: Statisticheskie zadachi s meshaiushchimi parametrami. Moskva : Nauka, 1966. | ||
| 500 | |a Contiene como suplemento: New results in the theory of estimation and testing hypotheses for problems with nuisance parameters / A. M. Kagan and V. P. Palamodov. | ||
| 504 | |a Bibliografía: p. 251-258. | ||
| 510 | 4 | |a MR, |c 36 #6049 | |
| 100 | 1 | |a Linnik, IU. V. |q (IUrii Vladimirovich), |d 1915-1972. | |
| 240 | 1 | 0 | |a Statisticheskie zadachi s meshaiushchimi parametrami. |l Inglés |
| 084 | |a 62.20 |2 MR | ||
| 010 | |a 67030101 | ||
| 041 | 1 | |a eng |h rus | |
| 859 | |h 62 |i L758 |p A-4001 |b BIB. MATEMATICA | ||
